000 00505nam a2200181Ia 4500
005 20250326124037.0
008 250326s9999 xx 000 0 und d
037 _aTextbook
040 _aFMSL
_beng
_cFMSL
041 _aeng
_2eng
084 _aX L8
_qFMSL
100 _aThompson R G
_9736666
245 0 _aCost of energy and a clean envirnment
_cThompson R G; Calloway J A And Others
260 _aUSA
_bUSA, Gulf
_c1978
300 _a550p
942 _cTB
_hX L8
999 _c1272024
_d1272024